Southville International School and Colleges
Your cart is empty.
  • Cart
  • Lists
    Public lists Eva Luna New books Lux_list list_1
    Your lists Log in to create your own lists
  • Log in to your account
  • Your cookies
  • Search history
Southville International School and Colleges
  • Advanced search
  • Recent comments
  • Most popular
  • Libraries

Log in to your account

Log in with GOOGLE


If you do not have an external account, but do have a local account, you can still log in:

  1. Home
  2. MARC view: A history of Asia /
Normal view MARC view ISBD view

A history of Asia / (Record no. 9544)

[ view plain ]
MARC details
000 -LEADER
fixed length control field 01072cam a2200313 a 4500
001 - CONTROL NUMBER
control field 15437261
003 - CONTROL NUMBER IDENTIFIER
control field OSt
005 - DATE AND TIME OF LATEST TRANSACTION
control field 20140310182121.0
008 - FIXED-LENGTH DATA ELEMENTS--GENERAL INFORMATION
fixed length control field 080903s2009 nyuab b 001 0 eng
010 ## - LIBRARY OF CONGRESS CONTROL NUMBER
LC control number 2008038880
020 ## - INTERNATIONAL STANDARD BOOK NUMBER
International Standard Book Number 9780205649167 (alk. paper)
020 ## - INTERNATIONAL STANDARD BOOK NUMBER
International Standard Book Number 0205649165 (alk. paper)
035 ## - SYSTEM CONTROL NUMBER
System control number (OCoLC)ocn209663857
040 ## - CATALOGING SOURCE
Original cataloging agency DLC
Transcribing agency DLC
Modifying agency BTCTA
-- BAKER
-- C#P
-- YDXCP
-- DLC
043 ## - GEOGRAPHIC AREA CODE
Geographic area code a------
050 00 - LIBRARY OF CONGRESS CALL NUMBER
Classification number DS 33
Item number .M978 2009
082 00 - DEWEY DECIMAL CLASSIFICATION NUMBER
Classification number M 950
Item number M95 2009
100 1# - MAIN ENTRY--PERSONAL NAME
Personal name Murphey, Rhoads.
Dates associated with a name 1919-
245 12 - TITLE STATEMENT
Title A history of Asia /
Statement of responsibility, etc Rhoads Murphey.
250 ## - EDITION STATEMENT
Edition statement 6th ed.
260 ## - PUBLICATION, DISTRIBUTION, ETC. (IMPRINT)
Place of publication, distribution, etc New York :
Name of publisher, distributor, etc Pearson/Longman,
Date of publication, distribution, etc c2009.
300 ## - PHYSICAL DESCRIPTION
Extent 526 p. :
Other physical details ill. ;
Dimensions 26 cm.
651 #0 - SUBJECT ADDED ENTRY--GEOGRAPHIC NAME
Geographic name Asia
General subdivision History.
856 41 - ELECTRONIC LOCATION AND ACCESS
Materials specified Table of contents only
Uniform Resource Identifier <a href="http://www.loc.gov/catdir/toc/ecip0827/2008038880.html">http://www.loc.gov/catdir/toc/ecip0827/2008038880.html</a>
906 ## - LOCAL DATA ELEMENT F, LDF (RLIN)
a 7
b cbc
c orignew
d 1
e ecip
f 20
g y-gencatlg
942 ## - ADDED ENTRY ELEMENTS (KOHA)
Source of classification or shelving scheme Library of Congress Classification
Koha item type Books
Holdings
Withdrawn status Lost status Source of classification or shelving scheme Damaged status Home library Current library Shelving location Date acquired Total Checkouts Total Renewals Full call number Barcode Date last seen Date checked out Copy number Price effective from Koha item type
    Library of Congress Classification   Luxembourg Library Luxembourg Library High School Section 08/27/2013 4 2 DS 33 .M978 2009 17544 10/18/2024 08/08/2024 1 08/27/2013 Books

A history of Asia /

APA

Murphey R., . (2009). A history of Asia. New York: Pearson/Longman.

Chicago

Murphey Rhoads, . 2009. A history of Asia. New York: Pearson/Longman.

Harvard

Murphey R., . (2009). A history of Asia. New York: Pearson/Longman.

MLA

Murphey Rhoads, . A history of Asia. New York: Pearson/Longman. 2009.

  • Place hold
  • Print
  • Cite
  • Add to your cart (remove)
  • Save record
    BIBTEX Dublin Core MARCXML MARC (non-Unicode/MARC-8) MARC (Unicode/UTF-8) MARC (Unicode/UTF-8, Standard) MODS (XML) RIS
  • More searches
    Search for this title in:
    Other Libraries (WorldCat) Other Databases (Google Scholar) Online Stores (Bookfinder.com) Open Library (openlibrary.org)

Exporting to Dublin Core...

SOUTHVILLE LIBRARY

Southville International School and Colleges Library

1281 Tropical Ave. Cor. Luxembourg St., BF Homes International, Las Pinas City

Tel. No. 8256374 / 252358 Loc. 117/146

Powered by Koha